Evolúcia priemyslu - Industry 4.0 a jeho technológie

Evolúcia priemyselných revolúcií. Charakteristika Industry 4.0. Vybrané kľúčové technológie Industry 4.0: Digital Twin, RFID, Cobots, umelá inteligencia, Cloud Computing.

Na minha lista:
Detalhes bibliográficos
Autor principal: Richnák, Patrik, 1988-
Outros Autores: Sármány, Júlia
Formato: Capítulo de Livro
Idioma:eslovaco
Assuntos:
Tags: Adicionar Tag
Sem tags, seja o primeiro a adicionar uma tag!

MARC

LEADER 00000naa$a2200000$$$4500
001 0262457
005 20240502074155.9
041 0 |a slo 
044 |a SK 
245 1 0 |a Evolúcia priemyslu - Industry 4.0 a jeho technológie  |c Patrik Richnák, Júlia Sármány 
520 |a Evolúcia priemyselných revolúcií. Charakteristika Industry 4.0. Vybrané kľúčové technológie Industry 4.0: Digital Twin, RFID, Cobots, umelá inteligencia, Cloud Computing. 
610 2 0 |a revolúcia priemyselná 
610 2 0 |a evolúcia 
610 2 0 |a priemysel 4.0 
610 2 0 |a technológie nové 
610 2 0 |a digitalizácia 
610 2 0 |a roboty priemyselné 
610 2 0 |a identifikácia vysokofrekvenčná 
610 2 0 |a inteligencia umelá 
610 2 0 |a cloud computing 
100 1 |a Richnák, Patrik, 1988- 
700 1 |a Sármány, Júlia